Úder blesku a likvidace pojistných událostí

Základné technické minimum, ktoré by mal poznať každý likvidátor, zaoberajúci sa týmto rizikom. Rozpoznanie poistnej udalosti likvidátorom. Priamy a nepriamy úder blesku. Minimalizácia rizika vzniku škody s bleskom. Poistné podmienky poisťovní v súvislosti s bleskom.

Gespeichert in:
Bibliographische Detailangaben
1. Verfasser: Liška, Martin
Format: Buchkapitel
Sprache:Tschechisch
Schlagworte:
Tags: Tag hinzufügen
Keine Tags, Fügen Sie das erste Tag hinzu!

MARC

LEADER 00000naa$a2200000$$$4500
001 0073928
005 20230927103638.2
041 0 |a cze 
044 |a CZ 
245 1 0 |a Úder blesku a likvidace pojistných událostí  |c Martin Liška 
520 |a Základné technické minimum, ktoré by mal poznať každý likvidátor, zaoberajúci sa týmto rizikom. Rozpoznanie poistnej udalosti likvidátorom. Priamy a nepriamy úder blesku. Minimalizácia rizika vzniku škody s bleskom. Poistné podmienky poisťovní v súvislosti s bleskom. 
610 2 0 |a udalosti poistné 
610 2 0 |a podmienky poistné 
610 2 0 |a poisťovne 
610 2 0 |a škody 
100 1 |a Liška, Martin